书目信息 |
| 题名: |
临床微生物学诊断与图解
|
|
| 作者: | 周庭银 赵虎 | |
| 分册: | ||
| 出版信息: | 上海 上海科学技术出版社 2001 |
|
| 页数: | 273 | |
| 开本: | 29cm | |
| 丛书名: | ||
| 单 册: | ||
| 中图分类: | R446.5 | |
| 科图分类: | ||
| 主题词: | 诊断学 | |
| 电子资源: | ||
| ISBN: | 7-5323-5943-3 | |
| 000 | 00574nam0 2200181 450 | |
| 001 | 0741144344 | |
| 005 | 20070817112544.34 | |
| 010 | @a7-5323-5943-3@b精装@d¥140.00 | |
| 100 | @a20070817d km y0chiy0120 ea | |
| 101 | 0 | @achi |
| 200 | 1 | @a临床微生物学诊断与图解@Alin chuang wei sheng wu xue zhen duan yu tu jie@f周庭银 赵虎@Fzhou ting yin zhao hu |
| 210 | @a上海@c上海科学技术出版社@d2001 | |
| 215 | @a273@c彩图@d29cm | |
| 606 | 0 | @a诊断学 |
| 690 | @aR446.5@v3 | |
| 701 | 0 | @a周庭银 赵虎@Azhou ting yin zhao hu |
| 801 | 0 | @aCN@bPFT@c20070817 |
| 905 | @a213230@dR446.5@en1@f1 | |
| 临床微生物学诊断与图解/周庭银 赵虎.-上海:上海科学技术出版社,2001 |
| 273:彩图;29cm |
| ISBN 7-5323-5943-3(精装):¥140.00 |
| ● |
| 相关链接 |
|
|
|
|
正题名:临床微生物学诊断与图解
索取号:R446.5/n1
 
预约/预借
| 序号 | 登录号 | 条形码 | 馆藏地/架位号 | 状态 | 备注 |
| 1 | 6600927 | 266009277 | 密集书库-生命科学系/ [索取号:R446.5/n1] | 在馆 |